| 000 | 00601ntm a22002537a 4500 | ||
|---|---|---|---|
| 005 | 20260224173005.0 | ||
| 008 | 190516b2018 xxu||||| |||| 00| 0 spa d | ||
| 020 | _a9789563920956 | ||
| 041 | _aESP | ||
| 082 | _a364 M617c | ||
| 100 |
_aMezger, Edmund _953577 |
||
| 245 | _aCriminología | ||
| 260 | _aChile | ||
| 260 | _bEdiciones Olejnik | ||
| 260 | _c2018 | ||
| 300 | _a293 páginas | ||
| 490 | _aInvestigación Criminal | ||
| 650 | _aCRIMINOLOGÍA | ||
| 650 | _aDELITO | ||
| 650 | _aENFERMEDAD MENTAL | ||
| 650 | _aPSICÓPATAS | ||
| 650 | _aPOLÍTICA CRIMINAL | ||
| 942 |
_cBK _2ddc |
||
| 999 |
_c11904 _d11904 |
||